000 00468nam a2200157Ia 4500
005 20260121165312.0
008 260121s9999 xx 000 0 und d
041 _amar
082 _a920.72
100 _aकुलकर्णी, सविता
245 _aसाध्वी सावित्रीबाई फुले
250 _a1
260 _bभारतीय विचार साधना पुणे
_c2024
300 _a22
650 _aGenral
999 _c369994
_d369994